[Event "FRA-NED"]
[Site "Cannes"]
[Date "1990.??.??"]
[Round "10"]
[White "Piket, Jeroen"]
[Black "Kouatly, Bachar"]
[Result "1-0"]
[WhiteElo "2495"]
[BlackElo "2490"]
[Annotator "Ribli,Z"]
[PlyCount "58"]
[EventDate "1990.02.??"]
[EventType "schev"]
[EventRounds "10"]
[EventCountry "FRA"]
[SourceTitle "CBM 018"]
[Source "ChessBase"]
[SourceDate "1990.10.01"]
[SourceVersion "1"]
[SourceVersionDate "1990.10.01"]
[SourceQuality "1"]

1. Nf3 Nf6 2. c4 g6 3. Nc3 d5 4. cxd5 Nxd5 5. Qa4+ Bd7 6. Qc2 $5 Nb4 7. Qb3 c5
8. Ne4 N8a6 {8...Qa5 9.Nfg5, f6!? 10.Nxf6+, exf6 11.Qf7+, Kd8 12.Qxf6+, Kc7 13.
Qxh8, N8c6 -/+ Franco,Z-Sion Castro,M Salamanca 1989 CBM/13 8...Qa5 9.Nfg5,
N8c6 10.e3, Ne5 11.a3! +/- Kalinicenko-Petrov 1987 i 44/(13)} 9. e3 Qa5 10. Ne5
$1 Be6 11. Bc4 Bxc4 12. Qxc4 e6 13. O-O Be7 14. b3 $1 {/^ b2,g7 +/=} Nd5 15.
Bb2 f6 16. Ng4 Rf8 $2 {16...b5 17.Qe2, Rf8 18.a4, b4 +/=} 17. Bxf6 $1 {17.
Ngxf6+! +/-} b5 {17...Nxf6 18.Ngxf6+, Rxf6 (18...Bxf6? 19.Qxe6+, Be7 20.Nd6+,
Kd8 21.Nxb7+ +/-) 19.Nxf6+, Bxf6 20.Qxe6+ +/-} 18. Bc3 $1 Nxc3 19. Qxc3 Qxc3
20. dxc3 Nc7 21. c4 bxc4 22. bxc4 Rb8 23. Rab1 Rb4 24. a3 $1 Ra4 {24...Rxc4?
25.Rb8+, Bd8 26.Nd6+ +/-} 25. Ne5 Na6 26. Rb7 Rf5 27. f4 Rxa3 28. Rxa7 Rxe3 29.
Ra8+ Bd8 1-0

[Event "Minsk"]
[Site "Minsk"]
[Date "1993.??.??"]
[Round "?"]
[White "Rotstein, Arkadij"]
[Black "Zaitsev, Igor A"]
[Result "1-0"]
[WhiteElo "2465"]
[BlackElo "2450"]
[Annotator "Ribli,Z"]
[PlyCount "73"]
[EventDate "1993.03.??"]
[EventType "tourn"]
[EventRounds "11"]
[EventCountry "BLR"]
[EventCategory "9"]
[SourceTitle "CBM 036"]
[Source "ChessBase"]
[SourceDate "1993.10.01"]
[SourceVersion "1"]
[SourceVersionDate "1993.10.01"]
[SourceQuality "1"]

1. Nf3 Nf6 2. c4 d6 3. Nc3 g6 4. g3 Bg7 5. Bg2 O-O 6. O-O Nc6 7. d3 (7. Rb1 $5
{Bojczuk,Z-Gavrilov,A/Moscow-B/1991/EXP24/}) 7... a6 (7... Nh5 $5 {Roos,
Th-Sieglen,J/Bonn/1993/CBM34/}) 8. Rb1 Bd7 $5 (8... Rb8 $6 9. b4 b5 10. cxb5
axb5 11. a4 $14) 9. b4 b5 10. Nd2 Rb8 11. a3 (11. cxb5 axb5 12. a4 bxa4 13. b5
Nd4 14. Qxa4 Nxb5 15. Nxb5 Qe8 16. Nxc7 Bxa4 17. Nxe8 Rfxe8 $10) 11... e5 12.
Bb2 Ne7 13. Ba1 Qc8 14. a4 bxc4 15. dxc4 Bh3 16. e4 Bxg2 17. Kxg2 Nc6 (17... c6
$5) 18. b5 axb5 19. cxb5 Nd4 20. Nb3 Ne6 $6 (20... c5 $5 21. bxc6 $6 (21. Nd5
$5) 21... Nxb3 22. Rxb3 Qxc6 $13) 21. Na5 Ng5 22. f3 Qh3+ 23. Kg1 $16 d5 24.
exd5 e4 25. Nxe4 Ngxe4 26. fxe4 Ng4 27. Qe2 Ra8 28. Bxg7 Kxg7 29. Qb2+ f6 (
29... Kg8 30. Nc6 $18) 30. Nb3 $1 Rxa4 31. Nc5 Rfa8 32. Nxa4 Rxa4 33. d6 $1
cxd6 34. Qd2 Ra8 35. Rb2 Ne5 36. Qxd6 Ra7 37. Qxf6+ 1-0

[Event "Voskresensk"]
[Site "Voskresensk"]
[Date "1990.??.??"]
[Round "?"]
[White "Mohr, Georg"]
[Black "Miralles, Gilles"]
[Result "1/2-1/2"]
[WhiteElo "2450"]
[BlackElo "2460"]
[Annotator "Ribli,Z"]
[PlyCount "25"]
[EventDate "1990.07.??"]
[EventType "tourn"]
[EventRounds "11"]
[EventCountry "URS"]
[EventCategory "9"]
[SourceTitle "CBM 019"]
[Source "ChessBase"]
[SourceDate "1990.12.01"]
[SourceVersion "1"]
[SourceVersionDate "1990.12.01"]
[SourceQuality "1"]

1. Nf3 Nf6 2. c4 g6 3. Nc3 d5 4. cxd5 Nxd5 5. Qa4+ Bd7 6. Qc2 Nb4 7. Qb3 a5 $5
8. a3 Be6 9. Qd1 Nd5 10. Qa4+ Bd7 11. Qc2 Nb6 12. d4 Bg7 13. Bf4 1/2-1/2

[Event "Odorheiu Secuiesc"]
[Site "Odorheiu Secuiesc"]
[Date "1993.??.??"]
[Round "3"]
[White "Schwartzman, Gabriel"]
[Black "Neverov, Valeriy"]
[Result "1/2-1/2"]
[WhiteElo "2455"]
[BlackElo "2550"]
[Annotator "Ribli,Z"]
[PlyCount "121"]
[EventDate "1993.05.??"]
[EventType "tourn"]
[EventRounds "11"]
[EventCountry "ROU"]
[EventCategory "12"]
[SourceTitle "CBM 036"]
[Source "ChessBase"]
[SourceDate "1993.10.01"]
[SourceVersion "1"]
[SourceVersionDate "1993.10.01"]
[SourceQuality "1"]

1. c4 Nf6 2. Nc3 g6 3. g3 d5 4. cxd5 Nxd5 5. Bg2 Nxc3 6. bxc3 Bg7 7. Rb1 Nd7 (
7... O-O $2 8. Rxb7 $1 $16 {Smejkal,J-Grimm,S/Porz/1992/CBM31/}) 8. Nf3 c5 (
8... O-O 9. O-O Nb6 $5 {Winants,L-Lanka,Z/Nettetal/1992/CBM28/}) 9. O-O O-O 10.
c4 (10. d4 $5 Nb6 11. e4 Bg4 12. dxc5 Qxd1 13. Rxd1 Na4 14. Rxb7 $16 {
Timman-Kramer/Leeuwarden/1969/}) 10... Nb6 (10... Qc7 11. Qc2 Rb8 12. Bb2 $14 {
Averbach-Bagirov/USSR-ch/1970/}) 11. d3 Bd7 12. Qc2 Qc7 13. Be3 (13. Bb2 $5)
13... Rab8 14. Nd2 Na4 15. Rb3 a6 16. Ne4 Rfc8 17. Rc1 b5 $5 (17... f5 18. Ng5
e6 19. Bf4 $16) (17... h6 $5) 18. cxb5 axb5 19. Nxc5 (19. Bxc5 $2 f5 $1 $19)
19... Nxc5 20. Bxc5 Bd4 21. Qb1 (21. Qd2 $2 Bxc5 22. d4 Qd6 $19) 21... Be6 $1 (
21... Bxc5 22. d4 Qa7 23. dxc5 Rxc5 $10) 22. Ba3 Qa7 (22... Qa5 $5 23. Rxc8+
Rxc8 24. Bb4 Qb6 25. Ra3 Bxf2+ 26. Kh1 $15) 23. Rxb5 $1 Bxf2+ 24. Kh1 Be3 25.
Rc2 Rxb5 26. Rxc8+ Bxc8 27. Qxb5 Qxa3 28. Qe8+ Kg7 29. Qxc8 Qb2 30. Bf1 $8 Qf6
31. Qh3 $8 h5 32. Qg2 Qb6 33. Qe4 e6 34. a4 f5 35. Qa8 g5 36. a5 Qb1 37. Qg2 g4
38. a6 Kg6 39. h4 $1 $8 Qe1 40. Kh2 Kf6 41. Qa8 f4 42. Qd8+ Ke5 43. Qc7+ Kf6
44. Qd8+ Ke5 45. Qc7+ Kd5 46. Bg2+ f3 47. Qd7+ Ke5 48. Qc7+ Kf6 49. Qd8+ Kf7
50. Qd7+ Kf6 51. Qd8+ Kf5 52. Qf8+ Ke5 53. Qb8+ Kf5 54. Qf8+ Ke5 55. Qb8+ Kd5
56. Qb7+ Kd6 57. Qb8+ Kd7 58. Qb7+ Kd6 59. Qb8+ Ke7 60. Qc7+ Kf6 61. Qd8+
1/2-1/2

[Event "Voskresensk"]
[Site "Voskresensk"]
[Date "1990.??.??"]
[Round "?"]
[White "Belov, Igor"]
[Black "Khenkin, Igor"]
[Result "1/2-1/2"]
[WhiteElo "2430"]
[BlackElo "2450"]
[Annotator "Ribli,Z"]
[PlyCount "36"]
[EventDate "1990.07.??"]
[EventType "tourn"]
[EventRounds "11"]
[EventCountry "URS"]
[EventCategory "9"]
[SourceTitle "CBM 019"]
[Source "ChessBase"]
[SourceDate "1990.12.01"]
[SourceVersion "1"]
[SourceVersionDate "1990.12.01"]
[SourceQuality "1"]

1. Nf3 Nf6 2. c4 g6 3. Nc3 d5 4. cxd5 Nxd5 5. Qa4+ Bd7 6. Qh4 Nxc3 7. dxc3 Nc6
8. e4 e5 9. Qxd8+ Rxd8 10. Bc4 f6 11. Be3 (11. b4 Ra8 (11... a5 12. a3 Ra8 13.
Rb1 Bd6 14. Be3 Ke7 15. Nd2 axb4 16. axb4 Ra3 17. Nb3 Rha8 18. Bc1 R3a4 {
Gomez Esteban-Krasenkov Palma de Mallorca GMA 1989 48/10}) 12. Rb1 Nd8 13. Be3
a5 14. a3 Be6 15. Nd2 axb4 16. axb4 Ra3 17. Bb3 Bd6 18. Kd1 Ke7 19. Kc2 Nc6 {
Gomez,M-Sion Castro,M Salamanca 1989 CBM 13}) 11... Na5 12. Be2 Be6 13. Nd2 b6
14. b4 Nb7 15. Bb5+ Kf7 16. Bc4 Be7 17. Bxe6+ Kxe6 18. Ke2 Rd7 {Ribli} 1/2-1/2

[Event "Voskresensk"]
[Site "Voskresensk"]
[Date "1990.??.??"]
[Round "?"]
[White "Barle, Janez"]
[Black "Miralles, Gilles"]
[Result "1/2-1/2"]
[WhiteElo "2430"]
[BlackElo "2460"]
[Annotator "Ribli,Z"]
[PlyCount "115"]
[EventDate "1990.07.??"]
[EventType "tourn"]
[EventRounds "11"]
[EventCountry "URS"]
[EventCategory "9"]
[SourceTitle "CBM 019"]
[Source "ChessBase"]
[SourceDate "1990.12.01"]
[SourceVersion "1"]
[SourceVersionDate "1990.12.01"]
[SourceQuality "1"]

1. Nf3 Nf6 2. c4 g6 3. Nc3 d5 4. cxd5 Nxd5 5. Qa4+ Bd7 6. Qc2 Nb4 7. Qb3 c5 8.
Ne4 Bf5 (8... N8a6 9. e3 Qa5 10. Ne5 Be6 11. Bc4 Bxc4 12. Qxc4 e6 13. O-O $14 {
Piket,Je-Kouatly,B Cannes FRA-NLD 1990 CBM/18}) 9. Nfg5 (9. d3 $5) 9... Qd5 10.
Qxd5 Nxd5 11. Nxc5 e5 12. e4 (12. Nxb7 Nb4) 12... Bxc5 13. exf5 gxf5 14. Bc4
Nb4 15. Kd1 O-O 16. f4 e4 17. a3 N4c6 18. d3 h6 19. Nxf7 Rxf7 20. dxe4 fxe4 21.
Re1 Nd7 22. Rxe4 Nf6 23. Bxf7+ Kxf7 24. Rc4 Rd8+ $15 25. Ke1 Bb6 26. Bd2 Nd4
27. b4 Re8+ 28. Kd1 Re2 (28... Ng4 $5) 29. Bc3 Rxg2 30. Rxd4 $8 Bxd4 31. Bxd4
Rxh2 32. Rc1 Rh1+ 33. Kd2 Ne4+ 34. Kc2 Rxc1+ 35. Kxc1 a6 36. a4 Ke6 37. Kd1 Kf5
38. Be5 b5 39. axb5 axb5 40. Ke2 h5 41. Kf3 Nf6 42. Kg3 Nd5 43. Bd6 Ke6 44. Bc5
Kf6 45. Kh4 Nxf4 46. Bd6 Kf5 47. Bb8 Ke4 48. Kg5 Nd3 49. Kxh5 Kd5 50. Kg4 Nxb4
51. Bf4 Na2 52. Bd2 Kc4 53. Ba5 Kb3 54. Kf3 Nb4 55. Ke4 Ka4 56. Bc7 Na6 57. Bd6
b4 58. Bxb4 {Ribli} 1/2-1/2

[Event "Voskresensk"]
[Site "Voskresensk"]
[Date "1990.??.??"]
[Round "?"]
[White "Belov, Igor"]
[Black "Miralles, Gilles"]
[Result "1/2-1/2"]
[WhiteElo "2430"]
[BlackElo "2460"]
[Annotator "Ribli,Z"]
[PlyCount "24"]
[EventDate "1990.07.??"]
[EventType "tourn"]
[EventRounds "11"]
[EventCountry "URS"]
[EventCategory "9"]
[SourceTitle "CBM 019"]
[Source "ChessBase"]
[SourceDate "1990.12.01"]
[SourceVersion "1"]
[SourceVersionDate "1990.12.01"]
[SourceQuality "1"]

1. Nf3 Nf6 2. c4 g6 3. Nc3 d5 4. cxd5 Nxd5 5. Qa4+ Bd7 6. Qh4 Nxc3 7. dxc3 Nc6
8. g3 $5 h6 9. Bg2 Bg7 10. O-O e5 11. Rd1 Qxh4 12. Nxh4 O-O-O 1/2-1/2

[Event "Hoogovens op"]
[Site "Wijk aan Zee"]
[Date "1993.01.??"]
[Round "10"]
[White "Cifuentes Parada, Roberto"]
[Black "Leko, Peter"]
[Result "1/2-1/2"]
[WhiteElo "2480"]
[BlackElo "2465"]
[Annotator "Ribli,Z"]
[PlyCount "104"]
[EventDate "1993.01.??"]
[EventType "swiss"]
[EventRounds "12"]
[EventCountry "NED"]
[SourceTitle "CBM 034"]
[Source "ChessBase"]
[SourceDate "1993.06.01"]
[SourceVersion "1"]
[SourceVersionDate "1993.06.01"]
[SourceQuality "1"]

1. Nf3 Nf6 2. c4 g6 3. Nc3 d5 4. cxd5 Nxd5 5. Qa4+ Bd7 6. Qh4 Bc6 7. Qd4 f6 8.
e3 (8. e4 $5 Nxc3 9. bxc3 e5 (9... Qxd4 10. Nxd4 Bxe4 11. Ne6 $44) 10. Qe3 Qe7
11. a4 Nd7 12. Bb5 Qc5 13. d4 $14 {Polgar,Zsu-Peelen,P Wijk-B 1990 CBM/17})
8... Bg7 9. Be2 e5 10. Qc4 Nb6 (10... Qd6 11. O-O Nd7 12. d4 Nxc3 (12... f5 $5)
13. bxc3 O-O-O 14. Qb3 Nb6 15. Ba3 Qd7 16. c4 $36 {Levitina,I-Qin Kanying
Shanghai ctW 1992 CBM/33}) 11. Qb3 Qe7 12. O-O (12. d4 $5) 12... Qf7 13. Qxf7+
Kxf7 14. d4 e4 15. Nd2 f5 16. b4 Bd7 $1 17. Nb3 Nc6 18. a3 Ne7 19. Na5 Rab8 20.
Bb2 Ned5 21. Rfc1 c6 22. g3 Nxc3 23. Bxc3 Nd5 24. Bd2 Be6 25. Rab1 Rhc8 26. a4
Bf6 27. b5 cxb5 28. axb5 Rxc1+ 29. Rxc1 Bd8 30. Nc4 Bc7 31. Ra1 Bb6 $10 32. Ba5
Ke7 33. Bxb6 axb6 34. Bf1 Rc8 35. h4 Bd7 36. Ne5 Be8 37. Bc4 Nc3 38. Ra3 Nxb5
39. Bxb5 Bxb5 40. Rb3 Rc1+ 41. Kh2 Bc6 42. Rxb6 Kd6 43. Nxc6 Kc7 $1 (43... bxc6
44. Rb7 $16) 44. Rb2 Rxc6 45. Kg2 Rb6 46. Ra2 h5 47. Kf1 Rd6 48. Ke2 b5 49. Kd2
Kb6 50. Rc2 Ka5 51. Kc1 Kb4 52. Kb2 Ra6 1/2-1/2

[Event "LAT-ch"]
[Site "Latvia"]
[Date "1994.??.??"]
[Round "6"]
[White "Miezis, Normunds"]
[Black "Savko, Alexei"]
[Result "1-0"]
[WhiteElo "2430"]
[BlackElo "2365"]
[Annotator "Ribli,Z"]
[PlyCount "89"]
[EventDate "1994.??.??"]
[EventType "tourn"]
[EventRounds "11"]
[EventCountry "LAT"]
[EventCategory "7"]
[SourceTitle "CBM 041"]
[Source "ChessBase"]
[SourceDate "1994.08.01"]
[SourceVersion "1"]
[SourceVersionDate "1994.08.01"]
[SourceQuality "1"]

1. c4 Nf6 2. Nc3 d5 3. cxd5 Nxd5 4. g3 g6 5. Bg2 c6 (5... Nb6) (5... Nxc3 $5)
6. d3 (6. Nf3 $5 Bg7 7. O-O O-O 8. d4 Nd7 9. Nxd5 cxd5 10. Bf4 Qb6 11. Qb3 $14
{Schwartzman,G-Leko,P/Dortmund-D/1991/EXP22/}) 6... Bg7 7. Bd2 O-O 8. h4 (8.
Qc1 $5) 8... h6 9. Qc1 Kh7 10. Nh3 e5 11. f4 Bxh3 (11... exf4 12. Nxd5 cxd5 (
12... Bxh3 $5) 13. Nxf4 $14) 12. Rxh3 exf4 13. gxf4 (13. h5 Qb6 $5) 13... h5 $1
14. Qc2 Nxc3 15. bxc3 (15. Bxc3 Nd7 $13) 15... Qe7 16. e4 c5 17. Kf2 (17. O-O-O
Nc6 18. f5 b5 $36) 17... Nc6 18. Rf1 b5 19. Kg1 b4 $1 20. e5 Rac8 21. Be4 Kh8
22. Qd1 bxc3 23. Bxc3 Nd4 24. Bxd4 cxd4 25. Rg3 Rb8 (25... Qxh4 26. Kg2 $44)
26. Rg2 Rb6 (26... Qxh4 $5 27. Rh2 Qg3+ 28. Kh1 Kg8 29. Rf3 Qg4 $15) 27. Qe1
Rfb8 28. Qf2 Rb1 29. Rxb1 Rxb1+ 30. Kh2 Bh6 (30... Qc7 $5) 31. Qg3 Qc7 32. Rf2
Qc1 33. e6 $1 Qc7 (33... fxe6 34. Qxg6 Bxf4+ 35. Kh3 Qe3+ 36. Kg2 $18) 34. f5
$1 Qxg3+ 35. Kxg3 Bf8 36. fxg6 Bd6+ 37. Kg2 fxe6 38. Rf6 Rb2+ 39. Kf1 Rxa2 40.
Rxe6 Bf8 41. Re5 Bh6 42. Re7 $1 Ra1+ 43. Ke2 Kg8 44. Bd5+ Kf8 45. Rf7+ 1-0

[Event "WchT 3rd"]
[Site "Luzern"]
[Date "1993.??.??"]
[Round "5.1"]
[White "Vaganian, Rafael A"]
[Black "Yermolinsky, Alex"]
[Result "0-1"]
[WhiteElo "2615"]
[BlackElo "2605"]
[Annotator "Ribli,Z"]
[PlyCount "110"]
[EventDate "1993.10.24"]
[EventType "team-tourn"]
[EventRounds "9"]
[EventCountry "SUI"]
[SourceTitle "CBM 038"]
[Source "ChessBase"]
[SourceDate "1994.02.01"]
[SourceVersion "1"]
[SourceVersionDate "1994.02.01"]
[SourceQuality "1"]
[WhiteTeam "Armenia"]
[BlackTeam "US of America"]
[WhiteTeamCountry "ARM"]
[BlackTeamCountry "USA"]

1. Nf3 Nf6 2. c4 g6 3. Nc3 Bg7 4. g3 O-O 5. Bg2 d5 6. cxd5 Nxd5 7. O-O e5 8.
Nxd5 (8. d4 $5) 8... Qxd5 9. d3 Nc6 (9... Qd6 {Goldin,A-Epishin,V/Warsaw/1990/
CBM17/}) 10. Be3 Qd6 $1 (10... Qd8 $6 11. Qd2 $14 {Taimanov,M-Kortschnoj,V/
Titograd/1984/INF38,15/} (11. b4 $5)) 11. Rc1 (11. Qa4 Nd4 12. Nxd4 exd4 13.
Bf4 Qe7 14. Rfe1 c6 15. b4 a6 16. Qa5 Be6 $10 {Mecking,H-Kortschnoj,V/Augusta/
1974/INF17,29/}) 11... Nd4 12. Nxd4 exd4 13. Bf4 Be5 14. Bxe5 Qxe5 15. b4 c6
16. Rc5 Qd6 17. Qd2 Bd7 18. Rfc1 Rad8 19. Bf3 (19. a4 Rfe8 20. h4 Bg4 $13)
19... Rfe8 20. h4 (20. a4 $5) 20... Re5 21. Rxe5 (21. a4 $5) 21... Qxe5 22. Rc5
(22. Qg5 $5) 22... Qf6 23. Qg5 (23. Qc1 $5) 23... Kg7 24. b5 $2 b6 25. Re5 h6
26. Qf4 Qxf4 27. gxf4 c5 28. Rd5 (28. Bc6 Bxc6 29. bxc6 Rc8 $17) 28... Kf8 29.
a4 Ke7 30. e3 Be6 31. Rxd8 Kxd8 $17 32. Bd1 Ke7 33. Kf1 Kd6 34. Ke1 c4 $1 35.
dxc4 (35. exd4 Kd5 36. dxc4+ Kxd4 $19) 35... Bxc4 36. Kd2 Kc5 37. e4 f6 38. Be2
Bf7 $1 39. Bd1 g5 40. fxg5 fxg5 41. hxg5 hxg5 42. Kc2 Be6 43. Bh5 Kd6 44. Kd3
Ke5 45. Bd1 Bf7 46. f3 Be6 $1 47. Bc2 (47. Be2 Bb3 $19) 47... g4 48. fxg4 Bxg4
49. Kc4 Be2+ 50. Bd3 Bf3 51. Kb4 Bxe4 52. Bf1 Kf4 53. a5 Ke3 54. axb6 axb6 55.
Kc4 d3 0-1

[Event "WchT 3rd"]
[Site "Luzern"]
[Date "1993.??.??"]
[Round "4.2"]
[White "Kengis, Edvins"]
[Black "Lin, Weiguo"]
[Result "1-0"]
[WhiteElo "2560"]
[BlackElo "2540"]
[Annotator "Ribli,Z"]
[PlyCount "145"]
[EventDate "1993.10.24"]
[EventType "team-tourn"]
[EventRounds "9"]
[EventCountry "SUI"]
[SourceTitle "CBM 038"]
[Source "ChessBase"]
[SourceDate "1994.02.01"]
[SourceVersion "1"]
[SourceVersionDate "1994.02.01"]
[SourceQuality "1"]
[WhiteTeam "Latvia"]
[BlackTeam "China"]
[WhiteTeamCountry "LAT"]
[BlackTeamCountry "CHN"]

1. Nf3 Nf6 2. c4 g6 3. Nc3 d5 4. cxd5 Nxd5 5. Qa4+ Bd7 6. Qh4 Nxc3 7. Qd4 Rg8 (
7... f6 $14 {Greenfeld,A-Stohl,I/Pardubice/1993/CBM37/}) 8. Qxc3 Bg7 9. d4 Bc6
(9... c5 10. Qxc5 Na6 11. Qa3 Qb6 12. Bd2 $14 {Chernov-Tsaturian,V/USSR/1977/
INF23,25/}) 10. Ne5 $5 Bxe5 11. dxe5 Qd5 12. f3 Nd7 13. Bf4 g5 14. e4 Qc5 (
14... Qe6 15. Bc4 $16) 15. Qxc5 Nxc5 16. Be3 Nd7 17. Bd4 O-O-O (17... f6 18.
Bc4 $16) 18. Bc4 $1 e6 (18... Rgf8 19. Rd1 $16) 19. Be2 Nf8 20. Bc3 Ng6 21. g3
a5 22. Kf2 b6 23. Ke3 Bb7 24. a3 h6 25. b4 axb4 26. axb4 Ne7 27. Rhc1 Kb8 28.
Rd1 Rxd1 29. Rxd1 Kc8 30. Rd2 Ng6 31. Bb5 h5 32. Bd7+ Kb8 33. Ba4 Kc8 34. Rd1
Ba6 35. Bc6 Bb7 36. Bb5 c6 $6 (36... h4 $5) 37. Be2 Kc7 38. Ra1 h4 39. Bd4 hxg3
40. hxg3 Rh8 41. Ra7 Ra8 42. Rxa8 Bxa8 43. f4 gxf4+ 44. gxf4 c5 45. bxc5 bxc5
46. Bxc5 Kd7 47. Bd3 Bc6 48. Kf3 Ke8 49. Kg4 Bd7 50. Kg5 Bc6 51. Bd6 Bd7 52. f5
$1 exf5 53. exf5 Ne7 54. Bc5 Nd5 55. Be2 Ne7 56. e6 $1 Bxe6 (56... fxe6 57.
Bh5+ Kd8 58. f6 $18) 57. fxe6 fxe6 58. Kf6 Nd5+ 59. Ke5 Kd7 60. Bb5+ Kc8 61.
Kd6 Nc7 62. Bd7+ Kb7 63. Bc6+ Kc8 64. Bb6 Nd5 65. Ba5 Ne3 66. Bd7+ Kb7 67. Bxe6
Nc2 68. Kc5 Ne3 69. Bd2 Nd1 70. Bd5+ Ka6 71. Bf3 Nf2 72. Kd4 Kb5 73. Bh6 (73.
Bh6 Kb4 74. Ke3 Nh3 75. Bg4 Ng1 76. Kf2 $18) 1-0

[Event "Alushta3"]
[Site "Alushta"]
[Date "1994.??.??"]
[Round "10"]
[White "Savon, Vladimir A"]
[Black "Beshukov, Sergei"]
[Result "0-1"]
[WhiteElo "2435"]
[BlackElo "2480"]
[Annotator "Ribli,Z"]
[PlyCount "50"]
[EventDate "1994.??.??"]
[EventType "tourn"]
[EventRounds "11"]
[EventCountry "UKR"]
[EventCategory "8"]
[SourceTitle "CBM 041"]
[Source "ChessBase"]
[SourceDate "1994.08.01"]
[SourceVersion "1"]
[SourceVersionDate "1994.08.01"]
[SourceQuality "1"]

1. c4 Nf6 2. Nc3 d5 3. cxd5 Nxd5 4. Nf3 Nxc3 5. bxc3 g6 6. a4 $6 (6. Ba3 $5 {
Hertneck,G-Muse,M/Kecskemet/1990/CBM20/}) (6. h4 $5) (6. g3 $5) 6... Bg7 7. a5
O-O 8. g3 c5 9. Bg2 Nc6 10. Qa4 (10. a6 b6 11. Ne5 Bxe5 12. Bxc6 Rb8 $13) 10...
Bd7 11. Ng5 b5 12. Qh4 (12. Qxb5 $2 Nb4 $19) (12. axb6 axb6 13. Qxa8 Qxa8 14.
Rxa8 Rxa8 15. O-O $10) 12... h6 13. Ne4 g5 14. Qh5 Ne5 $1 15. f3 (15. h3 f5 16.
Nxc5 Be8 $19) 15... f5 (15... Rc8 16. h4 $13) 16. Nxc5 (16. Nf2 $15) 16... Be8
17. Qh3 g4 18. fxg4 (18. Qh4 $2 Ng6 19. Qh5 Nf4 $19) 18... fxg4 19. Qh4 Rf5 20.
Ne6 (20. Bxa8 Qxa8 21. Rf1 (21. Rg1 Nf3+ $1 22. exf3 Qxf3 $19) 21... Rxf1+ 22.
Kxf1 Qh1+ 23. Kf2 Bc6 $44) 20... Nd3+ 21. Kd1 $2 (21. exd3 $1 Re5+ (21... Qxd3
$2 22. Nf4 $18) 22. Kd1 Bf7 23. d4 (23. Nd4 $4 Qxd4 24. cxd4 Bb3#) 23... Rxe6
24. Qxg4 $16) 21... Bf7 22. exd3 Bxe6 23. Be4 (23. Bxa8 Qxa8 $19) 23... Re5 24.
Re1 Bb3+ 25. Ke2 h5 0-1

[Event "Porz Citroen-Cup"]
[Site "Cologne"]
[Date "1990.??.??"]
[Round "5"]
[White "Jackelen, Thomas"]
[Black "Schoen, Wolfram"]
[Result "1/2-1/2"]
[WhiteElo "2365"]
[BlackElo "2380"]
[Annotator "Ribli,Z"]
[PlyCount "42"]
[EventDate "1990.12.??"]
[EventType "tourn"]
[EventRounds "9"]
[EventCountry "GER"]
[EventCategory "7"]
[SourceTitle "CBM 021"]
[Source "ChessBase"]
[SourceDate "1991.04.01"]
[SourceVersion "1"]
[SourceVersionDate "1991.04.01"]
[SourceQuality "1"]

1. Nf3 Nf6 2. c4 g6 3. Nc3 d5 4. cxd5 Nxd5 5. e4 Nxc3 6. dxc3 Qxd1+ 7. Kxd1 f6
8. Be3 (8. Kc2 e5 9. Nd2 Bc5 10. f3 Be6 11. Bc4 Ke7 12. Bxe6 Kxe6 13. Nc4 a5
14. Rd1 Nc6 15. a4 $10 {Noguairas,J-Arenciba,W Cuba-ch 1989 48/9}) 8... e5 9.
Bc4 Nd7 10. Nd2 (10. Ke2 Bc5 $10 {Hansen,LB-Peelen,P Amsterdam OHRA-B 1989 CBM/
15}) (10. Be6 Nc5 11. Bxc8 Rxc8 12. Nd2 $10 {Vera,R-Arencibia,W Bayamo 1989 48/
(9)}) 10... Bc5 11. Bxc5 Nxc5 12. b4 Ne6 13. Kc2 Ke7 14. f3 Bd7 15. Nb3 Rad8
16. a4 Bc8 17. a5 Rd6 18. Rad1 Rhd8 19. Rxd6 Rxd6 20. h4 Nf4 21. Rg1 Be6
1/2-1/2

[Event "Geneve"]
[Site "Geneve"]
[Date "1990.??.??"]
[Round "4"]
[White "Rogers, Ian"]
[Black "Miralles, Gilles"]
[Result "1/2-1/2"]
[WhiteElo "2535"]
[BlackElo "2460"]
[Annotator "Ribli,Z"]
[PlyCount "66"]
[EventDate "1990.11.??"]
[EventType "tourn"]
[EventRounds "10"]
[EventCountry "SUI"]
[EventCategory "11"]
[SourceTitle "CBM 021"]
[Source "ChessBase"]
[SourceDate "1991.04.01"]
[SourceVersion "1"]
[SourceVersionDate "1991.04.01"]
[SourceQuality "1"]

1. Nf3 Nf6 2. c4 g6 3. Nc3 d5 4. cxd5 Nxd5 5. e4 Nxc3 6. dxc3 Qxd1+ 7. Kxd1 f6
8. Be3 (8. e5 Nc6 9. exf6 exf6 10. Bb5 Be6 11. Be3 O-O-O+ 12. Ke2 Bd5 $10 {
Vaganian-Doncev Haifa 1989 48/(9)}) 8... e5 9. Nd2 a5 10. a4 Be6 11. Bc4 Bxc4
12. Nxc4 Nd7 13. Kc2 Bc5 14. Rhd1 Bxe3 15. Nxe3 Nc5 16. f3 Rf8 17. Rd5 b6 18.
Rad1 Rf7 19. b3 h5 20. h4 Re7 21. Rxc5 $6 bxc5 22. Rd5 Re6 23. Rxc5 Kd7 24. Nc4
Rea6 25. Kb2 Rg8 26. Rd5+ Ke7 27. Rc5 Kd7 28. Rd5+ Kc8 29. Kc2 g5 30. hxg5 Rxg5
31. Ne3 Kb7 32. Rd7 Rd6 33. Rf7 Rc6 1/2-1/2

[Event "Pardubice"]
[Site "Pardubice"]
[Date "1993.??.??"]
[Round "2"]
[White "Greenfeld, Alon"]
[Black "Stohl, Igor"]
[Result "1-0"]
[WhiteElo "2590"]
[BlackElo "2545"]
[Annotator "Ribli,Z"]
[PlyCount "51"]
[EventDate "1993.07.??"]
[EventType "tourn"]
[EventRounds "9"]
[EventCountry "CZE"]
[EventCategory "14"]
[SourceTitle "CBM 037"]
[Source "ChessBase"]
[SourceDate "1993.12.01"]
[SourceVersion "1"]
[SourceVersionDate "1993.12.01"]
[SourceQuality "1"]

1. Nf3 Nf6 2. c4 g6 3. Nc3 d5 4. cxd5 Nxd5 5. Qa4+ Bd7 6. Qh4 Nxc3 7. Qd4 $5 (
7. dxc3 {Ovseevich,S-Neverov,V/Nikolaev zt/1993/CBM35/}) 7... f6 8. Qxc3 Bg7 9.
e3 e5 10. b4 $1 (10. d4 e4 11. Nd2 f5 $13 {Polgar,Zsu-Stohl,I/Dortmund/1990/
CBM18/}) 10... O-O (10... e4 11. Nd4 f5 12. Rb1 $1 $16 {Gurevich,D-Gurevich,I/
USA-ch/1992/INF56,20/}) 11. Bc4+ Kh8 12. Bb2 a6 13. O-O-O $1 $36 Bb5 14. Bb3
Qd3 15. h4 $1 Qxc3+ $6 (15... h5 $5) 16. dxc3 h5 17. Rh3 $1 (17. g4 Bc6 $1 $13)
17... Nd7 18. Rg3 e4 (18... Kh7 19. Bc2 f5 20. Ng5+ $16) 19. c4 $1 Bc6 (19...
exf3 20. cxb5 Ne5 21. gxf3 axb5 22. Bxe5 fxe5 23. Rxg6 Rxf3 24. Rd7 $18) 20.
Nd4 Ne5 21. Nxc6 bxc6 22. Bxe5 fxe5 23. Rxg6 $18 Rf6 (23... Rxf2 24. Rd7 Rg8
25. c5 $18) 24. Rg5 Bh6 25. Rxh5 Kg7 26. g4 1-0